Spruce budworms handbook : insecticides for control of the spruce budworm.

Bibliographic Details
Corporate Authors: United States. Cooperative State Research Service, Canada/United States Spruce Budworms Program
Format: Government Document Book
Language:English
Published: [Washington, D.C.] : U.S. Dept. of Agriculture, Forest Service, Cooperative State Research Service, [1984]
Series:Agriculture handbook (United States. Department of Agriculture) ; no. 615.
Subjects:

MARC

Tag First Indicator Second Indicator Subfields
LEADER 00000cam a2200000 a 4500
001 in00000838021
005 20151019053725.0
008 840220s1984 dcua b f00000 eng d
010 |a gp 84009369  
035 |a (OCoLC)10437807 
035 |9 AEA4878AM 
040 |c GPO  |d UtOrBLW 
043 |a n-us--- 
074 |a 3 
086 0 |a A 1.76:615 
245 0 0 |a Spruce budworms handbook :  |b insecticides for control of the spruce budworm. 
264 1 |a [Washington, D.C.] :  |b U.S. Dept. of Agriculture, Forest Service, Cooperative State Research Service,  |c [1984] 
300 |a 29 pages :  |b illustrations ;  |c 24 cm. 
336 |a text  |b txt  |2 rdacontent 
337 |a unmediated  |b n  |2 rdamedia 
338 |a volume  |b nc  |2 rdacarrier 
490 1 |a Agriculture handbook ;  |v no. 615 
500 |a "CANUSA, Canada United States Spruce Budworms Program"--P. 2. 
500 |a "February 1984"--P. 2. 
504 |a Includes bibliographical reference. 
650 0 |a Spruce budworm  |x Control  |z United States. 
710 1 |a United States.  |b Cooperative State Research Service. 
710 2 |a Canada/United States Spruce Budworms Program. 
740 0 |a Insecticides for control of the spruce budworm. 
830 0 |a Agriculture handbook (United States. Department of Agriculture) ;  |v no. 615. 
999 |a MARS 
999 f f |s 00e087c5-677b-3ef7-bf60-d2d4ed646301  |i 9f2c8ff7-d814-39f7-9358-ba24f3ef0519  |t 0 
952 f f |p normal  |a Texas A&M University  |b College Station  |c Sterling C. Evans Library  |d Evans: US Documents (Annex 5th floor)  |t 0  |e A 1.76:615  |h Superintendent of Documents classification  |i unmediated -- volume  |m A14816526671 
998 f f |a A 1.76:615  |t 0  |l Evans: US Documents (Annex 5th floor)